| 000 | 00548nam a2200193 4500 | ||
|---|---|---|---|
| 001 | 110377 | ||
| 003 | ES-MaACL | ||
| 005 | 20230906185035.0 | ||
| 007 | t| | ||
| 008 | 061121s1943 sp r ||||1| spa d | ||
| 100 | 1 |
_aMolina Espinosa, Roberto. _981930 |
|
| 245 | 1 | 0 |
_aAventura de juventud _b: (novela) / _cRoberto Molina Espinosa. |
| 260 |
_aBilbao : _bFamilia, _c1943. |
||
| 300 |
_a171 p. : _bil. = retr. aut. ; _c18 cm. |
||
| 490 | 1 | _aEstela | |
| 830 | 0 |
_aEstela _9181322 |
|
| 852 |
_aES-MaACL _jF-15806 _bR.20012 |
||
| 999 |
_c110377 _d110377 |
||